000 02006nam0a2200337 i 4500
001 RU\NLR\bibl\1911304
005 20260408192534.0
010 _a9785985910773
_9100
021 _aRU
_b2012-36042
_92677
035 _a(NLR Aleph) 001900834
090 _a3045893
_c3045893
100 _a20120606d2012 u y0rusy50 ca
101 0 _arus
102 _aRU
105 _aa |||||||||
200 1 _aГистология и эмбриология органов ротовой полости
_eучебное пособие студентов, обучающихся по специальности 060201 (060105)65 - Стоматология
_fА.В. Потапов, Е.Ю. Варакута, С.В. Логвинов
_gГос. бюджет. образоват. учреждение высш. проф. образования "Сибирский гос. мед. ун-т" М-ва здравоохранения и соц. развития Рос. Федерации
210 _aТомск
_cСибирский государственный медицинский университет
_d2012
215 _a87 с.
_cил., цв. ил.
_d30
320 _aБиблиогр.: с. 86 (8 назв.)
606 _aОрганы (биол.) полости рта
_xГистология
_jУчебные издания для высших учебных заведений
_3RU\NLR\auth\661303284
_92166047
606 _aОрганы (биол.) полости рта детей
_xЭмбриология
_jУчебные издания для высших учебных заведений
_3RU\NLR\auth\661303290
_92166063
686 _aЕ838.12я73
686 _aЕ864.121я73
700 1 _aПотапов
_bА. В.
_4070
701 1 _aВаракута
_bЕ. Ю.
_gЕлена Юрьевна
_4070
701 1 _aЛогвинов
_bС. В.
_gСергей Валентинович
_4070
801 0 _aRU
_bNLR
_c20120606
_gRCR
801 1 _aRU
_bNLR
_c20120606
942 _cBOOK
980 _aNBR